000
00305pab a2200133 454500
008
180718b1986 xxu||||| |||| 00| 0 eng d
245
_a
Tackling the problem of `lost' water
260
_c
1986
300
_a
1-3
362
_a
June/July
650
_a
Water Supply
773
_a
Urban Edge
909
_a
20616
999
_c
20616
_d
20616